书目信息 |
| 书名: | 语言测试实践 | |
| 作者: | Lyle F. Bachman and Adrian S. Palmer 著. | |
| 分册号: | ||
| 分册名: | 出版地: | [上海] : |
|
| 出版社: | 上海外语教育出版社 | |
| 出版时间: | 1999. | |
| 页数: | 377 p. : | |
| 开本: | 21 cm. | |
| 丛书名: | 牛津应用语言学丛书 | |
| 中图分类号: | ||
| 科图分类号: | ||
| 其他分类号: | H0 | |
| 主题词: | ||
| 电子资源: | ||
| 000 | 01225nam 2200313 a 4500 | |
| 001 | E0730475671 | |
| 005 | 20071006083210.42 | |
| 008 | 020325r19991996cc a b 001 0 eng d | |
| 020 | @a7810465724 :@cCNY24.00. | |
| 020 | @a0-19-437148-4. | |
| 040 | @aPFT@bchi | |
| 050 | 04 | @aP53.4@b.B331 1996 |
| 090 | @aH0 | |
| 099 | @dH0@ex53 | |
| 100 | 1 | @aBachman, Lyle F.,@d1944- |
| 245 | 10 | @a语言测试实践 :@bLanguage testing in practice / @cLyle F. Bachman and Adrian S. Palmer 著. |
| 246 | 3 | @aLanguage testing in practice :@bdesigning and developing useful language tests |
| 260 | @a[上海] :@b上海外语教育出版社,@c1999. | |
| 300 | @a377 p. :@bill. ;@c21 cm. | |
| 440 | 0 | @a牛津应用语言学丛书 |
| 440 | 0 | @aOxford applied linguistics |
| 500 | @a本书由牛津大学出版社授权上海外语教育出版社出版 | |
| 504 | @aIncludes bibliographical references (p. [366]-370) and index. | |
| 534 | @pOriginally published:@cOxford : Oxford University Press, 1996,@z0194371484. | |
| 650 | 0 | @aLanguage and languages@xExaminations. |
| 650 | 0 | @aLanguage and languages@xAbility testing. |
| 653 | 0 | @aEducational institutions@aCurriculum@aLanguage. |
| 700 | 1 | @aPalmer, Adrian S.,@d1940- |
| 920 | @a232010@z2 | |
| 语言测试实践 : : Language testing in practice / / Lyle F. Bachman and Adrian S. Palmer 著.-[上海] : : 上海外语教育出版社, , 1999. |
| 377 p. : : ill. ; ; 21 cm.- (牛津应用语言学丛书 ).- (Oxford applied linguistics ) |
| 本书由牛津大学出版社授权上海外语教育出版社出版.-Includes bibliographical references (p. [366]-370) and index. |
| ISBN 7810465724 :CNY24.00. |
| ● |
| 相关链接 |
|
|
|
|
正题名:语言测试实践
索取号:H0/x53
 
预约/预借
| 序号 | 登录号 | 条形码 | 馆藏地/架位号 | 状态 | 备注 |
| 1 | 0000430 | 300004304 | 第二样本阅览室/ [索取号:H0/x53] | 在馆 | |
| 2 | 0000431 | 300004313 | 第四借阅区/ [索取号:H0/x53] | 在馆 | |
| 3 | 0000432 | 300004322 | 第四借阅区/ [索取号:H0/x53] | 在馆 | |
| 4 | 0000433 | 300004331 | 第四借阅区/ [索取号:H0/x53] | 在馆 | |
| 5 | 0000434 | 300004340 | 第四借阅区/ [索取号:H0/x53] | 在馆 | |
| 6 | 14070 | 300140700 | 第四借阅区/ [索取号:H0/x53] | 在馆 |